000 00444pab a2200169 454500
008 180718b1979 xxu||||| |||| 00| 0 eng d
245 _aThe Official Secrets Act, 1923 (Document)
260 _c1979
300 _ap.1337-1344.
362 _aOct-Dec
650 _aDocument
650 _aOfficial publications - India
650 _aOfficial publications
773 _aIndian Journal of Public Administration
908 _aN
909 _a88443
999 _c88443
_d88443